| 000 | 00000nam##2200000za#4500 |
| 001 | 9.650176 |
| 003 | CaOODSP |
| 005 | 20210705115227 |
| 007 | ta |
| 008 | 150407|2006||||xxc||||| f|0| 0 eng|d |
| 020 | |a1-55392-816-4 |
| 040 | |aCaOODSP|beng |
| 043 | |an-cn--- |
| 086 | 1 |aH118-38/2006E |
| 110 | 1 |aCanada. |bCanadian Institute for Health Information. |
| 245 | 10|aGiving birth in Canada : the costs |
| 260 | |aOttawa - Ontario : |bCanadian Institute for Health Information |c2006. |
| 300 | |ax, 49p. : |bfigs., graphs, illus. ; |c28 cm. |
| 500 | |a"This report - The Costs - is the third in a series of Giving Birth in Canada report. The two other reports in the Giving Birth in Canada series are: Providers of Maternity and Infant Care (2004) ... A Regional Profile (2004)..."--Page ix. |
| 504 | |aBibliography. |
| 520 | 3 |aGiving Birth in Canada: The Costs explores the costs associated with delivering maternity and infant care in Canada, including provincial, national and international comparisons, where available. |
| 590 | |a06-18|b2006-05-05 |
| 690 | 07|aBirth|2gcpds |
| 690 | 07|aHealth care|2gcpds |
| 690 | 07|aCosts|2gcpds |
| 775 | 08|tDonner naissance au Canada : les coûts |w(CaOODSP)9.683301 |
| 776 | 0#|tGiving birth in Canada : the costs |w(CaOODSP)9.688374 |